| 000 | 01251naa a22003377a 4500 | ||
|---|---|---|---|
| 001 | BR8700576 | ||
| 003 | BR-BrBNA | ||
| 005 | 20240918175744.0 | ||
| 007 | ta | ||
| 008 | 230509b bl.||||| |||| 00| 0 por d | ||
| 040 |
_aBR-BrBNA _bpor _cBiblioteca Nacional de Agricultura |
||
| 041 | _a(Pt) | ||
| 072 |
_aH60 _b2120 _b3876 |
||
| 090 | _aH60 BR8700576 | ||
| 100 | 1 | _aOliveira, J.A. | |
| 100 | 1 | _aAviles, D.P. | |
| 100 | 1 | _aPinheiro, M.R. | |
| 100 | 1 | _aMatiello, J.B. | |
| 100 | 1 | _aCarvalho, F. | |
| 111 | 1 |
_a10. Congresso Brasileiro de Pesquisas Cafeeiras _cPocos de Caldas, MG (Brazil) _d29 Aug 1983 |
|
| 245 | 1 | _aEfeito de doses dos herbicidas Sulphosate e Glyphosate aplicados abaixo e alto volume no controle de sape (Imperata brasiliensis)em cafezal | |
| 260 | 3 |
_aRio de Janeiro, RJ (Brasil): _c1983. |
|
| 500 | _aAnais do 10. Congresso Brasileiro de Pesquisas Cafeeiras Rio de Janeiro, RJ (Brasil): 1983. p. 351-352 (BR8700576-AM)H60 | ||
| 650 | _aCAFE | ||
| 650 | _aHERBICIDA | ||
| 650 | _aSAPE | ||
| 650 | _aERVA DANINHA | ||
| 773 | 0 |
_tAnais do 10. Congresso Brasileiro de Pesquisas Cafeeiras _wH60 BR8700576 _gRio de Janeiro, RJ (Brasil), 1983. p. 351-352 |
|
| 909 |
_a202404 _bLucia _c55 _dLucia Elande |
||
| 942 |
_cAM _2AGRIS |
||
| 999 |
_c318018 _d318018 |
||